000 00742nas a2200241 4500
001 BR9803503
003 BR-BrBNA
005 20231205100824.0
007 ta
008 230509b bl.|||p| |||| 00| 00por d
040 _aBR-BrBNA
_bpor
_cBiblioteca Nacional de Agricultura
041 _a(Pt)
072 _aF01
100 1 _aJacomassi, E.
100 1 _aPiedade, L.H.
245 1 _aA importancia das plantas com finalidades terapeuticas e suas aplicacoes na cidade de Goioere - PR
650 _aPlanta Medicinal
650 _aProducao Vegetal
650 _aPARANÁ
773 0 _tRevista Unimar (Brazil)
_xISSN 0100-9354
_g(Aug 1994), v. 16(2) p. 335-353
_wBR9803503
909 _a202311
_bLúcia
_c55
_dLúcia Elande
942 _2AGRIS
_n0
_cANA
999 _c158287
_d158287